| 000 | 00841cam a22001934a 4500 | ||
|---|---|---|---|
| 005 | 20250605164129.0 | ||
| 008 | 250528s ||||||||||||||||||||||||d | ||
| 035 | _a18583 | ||
| 020 | _a486228886 | ||
| 040 |
_aGR-AtMCL _bgre _dGR-AtMCL _eAACR2 |
||
| 245 | 1 | _aEtching and Engraving / Techniques and the Modern Trend | |
| 260 |
_bDover Publications, Inc, _c1973 |
||
| 300 | _a252 | ||
| 520 | _aA fine balance between technique and theory, technology and aesthetics. Preface, Introduction, Line Engraving, Dry point, Mezzotint, Stipple, Etching, Soft Ground, Aquatint, Sugar Aquatint, Relief Prints and Deep Etch, Combined Processes, Intaglio Printing, Woodcut and Linocut, Wood Engraving, Wood Block and Lino Printing, Acknowledgements. | ||
| 700 | 1 |
_aBuckland-Wright John _94843 |
|
| 942 | _cBK | ||
| 999 |
_c3932 _d3932 |
||